zpět

Detail výsledku týmu

Knihovna Assen, Ostrava

Datum a čas kvízu

32 Celkem bodů Celkový počet nahraných bodů na tomto kvízu bez doplňovacích otázek.
3. Pořadí na kvízu Konečné umístění týmu na tomto kvízu.

Zaznamenané odpovědi

# Otázka Odpověď Body Výsledky
1. Jak se nazývá české statutární... Teplice 1
2. Expedice Tatra kolem světa, kt... Írán 1
3. Na začátku minulého týdne bylo... Jaroslav Uhlíř 1
4. V pátek jsme se dozvěděli, že... Obbod 1
5. Hokejový útočník Vladimír Růži... Hradec Králové 1
6. Clint Eastwood oslavil posledn... hrst, pár 0.5
7. V souvislosti s Eastwoodem byc... Sergio Leone, Ennio Morricone 0
8. Který z těchto filmů Eastwood... D 0
9. Nechybělo mnoho a toto téma by... C 1
10. Jednou z nejznámějších písní v... Blur 0